Générique Le Monde Secret du Père Noël - Paroles - Statistiques

Statistiques générales
  • Ce quiz a été pris 13 fois
  • Le résultat moyen est 15 sur 24
Statistiques - réponses
Paroles % Correct
Père {Noël}
100%
Je ne t'écris qu'une fois dans l'{année}
83%
Je pense à toi, {Père} {Noël} !
83%
Père {Noël}
83%
Père {Noël}
83%
Tu penses à {moi}
83%
Tu penses à {moi}
83%
Je ne sais {pas} !
75%
Je ne sais {pas} !
75%
Quand moi je t'attends dans le {noir}
75%
Les jouets qui me font {rêver} ?
67%
Même si je fais semblant de pas y {croire}
67%
Et trouver la {cheminée}
58%
Pourtant je {sais}
58%
{Comment} ?
50%
Je sais que tu m'{aimes} à tout jamais
50%
Que dans les {neiges} éternelles
50%
Comment peux-tu bien {savoir}
42%
Dans le blanc des {toits} poudrés ?
42%
Pourtant tu ne m'{oublies} jamais
42%
Que mon vélo doit être rouge et {noir}
42%
Comment fais-tu pour {deviner}
33%
Tu gardes ta vie bien {cachée}
33%
De ton monde {secret}
25%
Aucun quiz correspondant
Distribution des résultats
% des personnes avec chaque résultat
Percentile par nombre de réponses
Votre historique - résultats
Vous n’avez pas pris ce quiz